| 000 | 01190nam a2200325 i 4500 | ||
|---|---|---|---|
| 001 | bg | ||
| 100 | 1 | _aAHO, Alfred V. | |
| 245 | 1 | 0 |
_aProjektowanie i analiza algorytmów / _cAlfred V. Aho, John E. Hopcroft, Jeffrey D. Ullman ; [tł. Wojciech Derechowski]. |
| 246 |
_iTyt. oryg.: _aThe design and analysis of computer algorithms |
||
| 260 |
_aGliwice : _b"Helion", _ccop. 2003. |
||
| 300 |
_a488 s. : _bil. ; _c25 cm. |
||
| 490 | 1 | _aKanon Informatyki | |
| 500 | _aTyt. oryg.: "The design and analysis of computer algorithms" 1974. Na okł. podtyt.: klasyczna praca z teorii algorytmów komputerowych. | ||
| 504 | _aBibliogr. Indeks. | ||
| 650 | 9 | _aAlgorytmy | |
| 650 | 9 | _aProgramowanie (informat.) | |
| 655 | _aPodręczniki akademickie | ||
| 700 | 1 |
_aHOPCROFT, John E. _d(1939- ) |
|
| 700 | 1 |
_aULLMAN, Jeffrey D. _d(1942- ) |
|
| 700 | 1 |
_aDERECHOWSKI, Wojciech. _eTł. |
|
| 830 | _aKanon Informatyki | ||
| 020 | _a8371977700 | ||
| 040 | _cBPK | ||
| 041 | 1 |
_apol _heng |
|
| 080 | _a004.421(075.8) | ||
| 920 | _a83-7197-770-0 | ||
| 942 | _cKS | ||
| 008 | s pl f |000 0 pol | ||
| 999 |
_c43568 _d43568 |
||
| 856 |
_uhttp://koha.tu.koszalin.pl/cgi-bin/koha/opac-detail.pl?biblionumber=43568 _yKatalog online BPK |
||